|
|
|
|
| LEADER |
00000cam a2200000 7i4500 |
| 001 |
0000001913 |
| 005 |
20020418.0 |
| 090 |
0 |
0 |
|a 595.78095983
|b HOL 1988
|
| 100 |
1 |
0 |
|a HOLLOWAY
|h J. D. [
|q (Jeremy Daniel)]
|
| 245 |
1 |
4 |
|a The moths of Borneo, part 6: Arctiidae, Syntominae, Euchromiinae, Arctiinae, Aganainae (to Noctuidae)
|c by J.D. Holloway
|
| 260 |
0 |
0 |
|a [Kuala Lumpur, Malaysia] :
|b Malayan Nature Society ,
|c 1988
|
| 300 |
|
|
|a 101 p., plates :
|b ill. ;
|c 26 cm.
|
| 500 |
0 |
0 |
|a Bibliography : p. 94-96
|
| 650 |
0 |
0 |
|a Moths
|z Borneo
|
| 998 |
|
|
|a JPSM
|
| 999 |
|
|
|a 0000003036
|b Monograph
|c Open Shelf
|e Default branch
|